00456nam a2200145Ia 4500100002900000250000600029942000700035654001500042245004700057260003200104300000800136546001200144999001700156952013700173 aBarna orpad & porat D.I  a6 cBK aintegrated aIntegrated circuits in digital electronics bJohn wileyaSingaporec1987 a371 aENGLISH c34516d34516 001040708CRCaCRCEbCRCEd2023-03-17eProgressive Booksg303.05i2050 dt 12.08.92l0o p3751r2023-03-17v303.05w1992-08-12yBK